Social welfare forum 1965 (Record no. 1446119)

MARC details
000 -LEADER
fixed length control field 00516nam a2200169Ia 4500
005 - DATE AND TIME OF LATEST TRANSACTION
control field 20250923145022.0
008 - FIXED-LENGTH DATA ELEMENTS--GENERAL INFORMATION
fixed length control field 008 250917s9999 xx 000 0 eng d
037 ## - SOURCE OF ACQUISITION
Stock number Textual
040 ## - CATALOGING SOURCE
Original cataloging agency DSWL
Language of cataloging eng
Transcribing agency DSWL
041 ## - LANGUAGE CODE
Language code of text/sound track or separate title eng
Source of code eng
084 ## - COLON CLASSIFICATION NUMBER
Classification number YXp73,M74, N65
Assigning agency DSWL
245 #0 - TITLE STATEMENT
Title Social welfare forum 1965
Statement of responsibility, etc. by National Conference of S.W.
260 ## - PUBLICATION, DISTRIBUTION, ETC.
Place of publication, distribution, etc. New York
Name of publisher, distributor, etc. Kolumbia University Press
Date of publication, distribution, etc. 1965
300 ## - PHYSICAL DESCRIPTION
Extent xv,174 p.
942 ## - ADDED ENTRY ELEMENTS (KOHA)
Koha item type Textual
Classification part YXp73,M74, N65
Holdings
Withdrawn status Lost status Damaged status Not for loan Home library Current library Date acquired Total Checkouts Full call number Barcode Date last seen Price effective from Koha item type
        Department of Social Work Library Department of Social Work Library 2025-09-23   YXp73,M74, N65 SW0011668 2025-09-23 2025-09-23 Textual
Copyright @ Delhi University Library System